00275cam a22000975i 4500020001800000082001200018100002700030245007700057260002300134300002000157 a9789390569199 a248 KUM aAnilkumar, Fredric, ed00aSpiritualities of resistance : Essays in Honour of Hubert Manohar Watson aDelhibISPCKc2021 alvii, 266 pages